000 00436nam a2200169Ia 4500
008 230917s9999||||xx |||||||||||||| ||und||
020 _cRS110
040 _e27180
_aMAIN
041 _aEnglish
082 _a658.3 M311P
100 _aMamoria, C B
245 0 _aPersonnel management: Management of human resources
250 _a10th ed.
260 _aBombay
_bHimalaya Publishing House
_c1992
300 _axxii, 978 p.
942 _cBK
999 _c75727
_d75727